000 00412pab a2200157 454500
008 180718b2011 xxu||||| |||| 00| 0 eng d
100 _aWarner, Mildred E.
245 _aCompetition or cooperation in urban service delivery?
260 _c2011
300 _ap.421-435.
362 _aDec
650 _aPublic utilities
773 _aAnnals of Public and Cooperative Economics
908 _aN
909 _a94296
999 _c94296
_d94296